<?xml version="1.0" encoding="UTF-8"?>
<record
    xmlns:xsi="http://www.w3.org/2001/XMLSchema-instance"
    xsi:schemaLocation="http://www.loc.gov/MARC21/slim http://www.loc.gov/standards/marcxml/schema/MARC21slim.xsd"
    xmlns="http://www.loc.gov/MARC21/slim">

  <leader>01537nas a2200265 454500</leader>
  <controlfield tag="001">1332</controlfield>
  <controlfield tag="005">20260407193503.0</controlfield>
  <controlfield tag="008">260407s1981####ag###########|||spa#d</controlfield>
  <controlfield tag="003">AR-UNSa-BCEJYS</controlfield>
  <datafield tag="040" ind1=" " ind2=" ">
    <subfield code="a">AR-UNSa-BCEJYS</subfield>
    <subfield code="b">spa</subfield>
    <subfield code="c">AR-UNSa-BCEJYS</subfield>
  </datafield>
  <datafield tag="080" ind1=" " ind2=" ">
    <subfield code="a">338.1</subfield>
    <subfield code="x">Situaci&#xF3;n econ&#xF3;mica. Ciclos. Desarrollo de la estructura econ&#xF3;mica</subfield>
  </datafield>
  <datafield tag="245" ind1="1" ind2="0">
    <subfield code="a">Revista de la bolsa de comercio de Rosario</subfield>
  </datafield>
  <datafield tag="022" ind1=" " ind2=" ">
    <subfield code="a"> 0326-2308</subfield>
  </datafield>
  <datafield tag="264" ind1=" " ind2="1">
    <subfield code="a">Rosario :</subfield>
    <subfield code="b">Bolsa de Comercio de Rosario</subfield>
    <subfield code="c">1981</subfield>
  </datafield>
  <datafield tag="310" ind1=" " ind2=" ">
    <subfield code="a">Frecuencia: Cuatrimestral </subfield>
  </datafield>
  <datafield tag="505" ind1=" " ind2=" ">
    <subfield code="a">Cambia Dir. a partir del N&#xBA; 1430 por V&#xED;ctor M. Cabanellas, Cambia Dir. a partir del N&#xBA; 1446 por Federico E. Boglione, Cambia Dir. a partir del N&#xBA; 1454 por Juan Carlos Meroi, Cambia Dir. a partir del N&#xBA; 1458 por Hugo O.B. Grassi, Cambia Dir. a partir del N&#xBA; 1463 por Cristi&#xE1;n F. Amuch&#xE1;stegui,  
Cambia Dir. a partir del N&#xBA; 1473 por Nicanor D. Sodiro, Cambia Dir. a partir del N&#xBA; 1488 por Federico E. Boglione, Cambia Dir. a partir del N&#xBA; 1497 por Jorge E. Weskamp, Cambia Dir. a partir del N&#xBA; 1509 por Cristi&#xE1;n F. Amuch&#xE1;stegui,Cambia Dir. a partir del N&#xBA; 1521 por Ra&#xFA;l R. Meroi, Cambia Dir. a partir del N&#xBA; 1526 por Alberto A. Pado&#xE1;n  </subfield>
  </datafield>
  <datafield tag="942" ind1=" " ind2=" ">
    <subfield code="c">SER</subfield>
  </datafield>
  <datafield tag="590" ind1=" " ind2=" ">
    <subfield code="a">niveau_biblio:s niveau_hierar:1</subfield>
  </datafield>
  <datafield tag="100" ind1="1" ind2=" ">
    <subfield code="a">Zambruni, Jos&#xE9; A.</subfield>
  </datafield>
  <datafield tag="650" ind1=" " ind2=" ">
    <subfield code="a">Agricultura</subfield>
  </datafield>
  <datafield tag="650" ind1=" " ind2=" ">
    <subfield code="a">Comercio internacional</subfield>
  </datafield>
  <datafield tag="650" ind1=" " ind2=" ">
    <subfield code="a">Finanzas</subfield>
  </datafield>
  <datafield tag="650" ind1=" " ind2=" ">
    <subfield code="a">6.25 Econom&#xED;a</subfield>
  </datafield>
  <datafield tag="856" ind1="4" ind2="1">
    <subfield code="u">https://biblioeco.unsa.edu.ar/pmb/images/revistas/Bolsa de Comercio de Rosario.jpg</subfield>
    <subfield code="y">Imagen de portada</subfield>
    <subfield code="q">image/jpeg</subfield>
  </datafield>
  <datafield tag="999" ind1=" " ind2=" ">
    <subfield code="c">8379</subfield>
    <subfield code="d">8379</subfield>
  </datafield>
  <datafield tag="952" ind1=" " ind2=" ">
    <subfield code="0">0</subfield>
    <subfield code="1">0</subfield>
    <subfield code="4">0</subfield>
    <subfield code="7">0</subfield>
    <subfield code="a">BCEJYS</subfield>
    <subfield code="b">BCEJYS</subfield>
    <subfield code="c">17</subfield>
    <subfield code="d">2019-12-01</subfield>
    <subfield code="h">N&#xBA; 1537 - dic. 2019</subfield>
    <subfield code="l">0</subfield>
    <subfield code="o">H338.1 BOL 1537</subfield>
    <subfield code="p">R22368</subfield>
    <subfield code="r">2026-04-10 16:06:20</subfield>
    <subfield code="w">2026-04-10</subfield>
    <subfield code="y">RN</subfield>
  </datafield>
  <datafield tag="952" ind1=" " ind2=" ">
    <subfield code="0">0</subfield>
    <subfield code="1">0</subfield>
    <subfield code="4">0</subfield>
    <subfield code="7">0</subfield>
    <subfield code="a">BCEJYS</subfield>
    <subfield code="b">BCEJYS</subfield>
    <subfield code="c">17</subfield>
    <subfield code="d">2019-08-01</subfield>
    <subfield code="h">N&#xBA; 1536 - ago. 2019</subfield>
    <subfield code="l">0</subfield>
    <subfield code="o">H338.1 BOL 1536</subfield>
    <subfield code="p">R22294</subfield>
    <subfield code="r">2026-04-10 16:06:20</subfield>
    <subfield code="w">2026-04-10</subfield>
    <subfield code="y">RN</subfield>
  </datafield>
  <datafield tag="952" ind1=" " ind2=" ">
    <subfield code="0">0</subfield>
    <subfield code="1">0</subfield>
    <subfield code="4">0</subfield>
    <subfield code="7">0</subfield>
    <subfield code="a">BCEJYS</subfield>
    <subfield code="b">BCEJYS</subfield>
    <subfield code="c">17</subfield>
    <subfield code="d">2019-05-01</subfield>
    <subfield code="h">N&#xBA; 1535 - mayo 2019</subfield>
    <subfield code="l">0</subfield>
    <subfield code="o">H338.1 BOL 1535</subfield>
    <subfield code="p">R22203</subfield>
    <subfield code="r">2026-04-10 16:06:20</subfield>
    <subfield code="w">2026-04-10</subfield>
    <subfield code="y">RN</subfield>
  </datafield>
  <datafield tag="952" ind1=" " ind2=" ">
    <subfield code="0">0</subfield>
    <subfield code="1">0</subfield>
    <subfield code="4">0</subfield>
    <subfield code="7">0</subfield>
    <subfield code="a">BCEJYS</subfield>
    <subfield code="b">BCEJYS</subfield>
    <subfield code="c">17</subfield>
    <subfield code="d">2018-12-01</subfield>
    <subfield code="h">N&#xBA; 1534 - dic. 2018</subfield>
    <subfield code="l">0</subfield>
    <subfield code="o">H338.1 BOL 1534</subfield>
    <subfield code="p">R22080</subfield>
    <subfield code="r">2026-04-10 16:06:20</subfield>
    <subfield code="w">2026-04-10</subfield>
    <subfield code="y">RN</subfield>
  </datafield>
  <datafield tag="952" ind1=" " ind2=" ">
    <subfield code="0">0</subfield>
    <subfield code="1">0</subfield>
    <subfield code="4">0</subfield>
    <subfield code="7">0</subfield>
    <subfield code="a">BCEJYS</subfield>
    <subfield code="b">BCEJYS</subfield>
    <subfield code="c">17</subfield>
    <subfield code="d">2018-08-01</subfield>
    <subfield code="h">N&#xB0; 1533 - ago. 2018</subfield>
    <subfield code="l">0</subfield>
    <subfield code="o">H338.1 BOL 1533</subfield>
    <subfield code="p">R21975</subfield>
    <subfield code="r">2026-04-10 16:06:20</subfield>
    <subfield code="w">2026-04-10</subfield>
    <subfield code="y">RN</subfield>
  </datafield>
  <datafield tag="952" ind1=" " ind2=" ">
    <subfield code="0">0</subfield>
    <subfield code="1">0</subfield>
    <subfield code="4">0</subfield>
    <subfield code="7">0</subfield>
    <subfield code="a">BCEJYS</subfield>
    <subfield code="b">BCEJYS</subfield>
    <subfield code="c">17</subfield>
    <subfield code="d">2017-05-01</subfield>
    <subfield code="h">N&#xBA; 1531 - mayo 2017</subfield>
    <subfield code="l">0</subfield>
    <subfield code="o">H338.1 BOL 1531</subfield>
    <subfield code="p">R20758</subfield>
    <subfield code="r">2026-04-10 16:06:20</subfield>
    <subfield code="w">2026-04-10</subfield>
    <subfield code="y">RN</subfield>
  </datafield>
  <datafield tag="952" ind1=" " ind2=" ">
    <subfield code="0">0</subfield>
    <subfield code="1">0</subfield>
    <subfield code="4">0</subfield>
    <subfield code="7">0</subfield>
    <subfield code="a">BCEJYS</subfield>
    <subfield code="b">BCEJYS</subfield>
    <subfield code="c">17</subfield>
    <subfield code="d">2017-01-01</subfield>
    <subfield code="h">N&#xBA; 1530 - ene. 2017</subfield>
    <subfield code="l">0</subfield>
    <subfield code="o">H338.1 BOL 1530</subfield>
    <subfield code="p">R20631</subfield>
    <subfield code="r">2026-04-10 16:06:20</subfield>
    <subfield code="w">2026-04-10</subfield>
    <subfield code="y">RN</subfield>
  </datafield>
  <datafield tag="952" ind1=" " ind2=" ">
    <subfield code="0">0</subfield>
    <subfield code="1">0</subfield>
    <subfield code="4">0</subfield>
    <subfield code="7">0</subfield>
    <subfield code="a">BCEJYS</subfield>
    <subfield code="b">BCEJYS</subfield>
    <subfield code="c">17</subfield>
    <subfield code="d">2016-09-01</subfield>
    <subfield code="h">N&#xBA; 1529 - sep. 2016</subfield>
    <subfield code="l">0</subfield>
    <subfield code="o">H338.1 BOL 1529</subfield>
    <subfield code="p">R20542</subfield>
    <subfield code="r">2026-04-10 16:06:20</subfield>
    <subfield code="w">2026-04-10</subfield>
    <subfield code="y">RN</subfield>
  </datafield>
  <datafield tag="952" ind1=" " ind2=" ">
    <subfield code="0">0</subfield>
    <subfield code="1">0</subfield>
    <subfield code="4">0</subfield>
    <subfield code="7">0</subfield>
    <subfield code="a">BCEJYS</subfield>
    <subfield code="b">BCEJYS</subfield>
    <subfield code="c">17</subfield>
    <subfield code="d">2016-05-01</subfield>
    <subfield code="h">N&#xBA; 1528 - mayo 2016</subfield>
    <subfield code="l">0</subfield>
    <subfield code="o">H338.1 BOL 1528</subfield>
    <subfield code="p">R19996</subfield>
    <subfield code="r">2026-04-10 16:06:20</subfield>
    <subfield code="w">2026-04-10</subfield>
    <subfield code="y">RN</subfield>
  </datafield>
  <datafield tag="952" ind1=" " ind2=" ">
    <subfield code="0">0</subfield>
    <subfield code="1">0</subfield>
    <subfield code="4">0</subfield>
    <subfield code="7">0</subfield>
    <subfield code="a">BCEJYS</subfield>
    <subfield code="b">BCEJYS</subfield>
    <subfield code="c">17</subfield>
    <subfield code="d">2015-12-01</subfield>
    <subfield code="h">N&#xBA; 1527 - dic. 2015</subfield>
    <subfield code="l">0</subfield>
    <subfield code="o">H338.1 BOL 1527</subfield>
    <subfield code="p">R17781</subfield>
    <subfield code="r">2026-04-10 16:06:21</subfield>
    <subfield code="w">2026-04-10</subfield>
    <subfield code="y">RN</subfield>
  </datafield>
  <datafield tag="952" ind1=" " ind2=" ">
    <subfield code="0">0</subfield>
    <subfield code="1">0</subfield>
    <subfield code="4">0</subfield>
    <subfield code="7">0</subfield>
    <subfield code="a">BCEJYS</subfield>
    <subfield code="b">BCEJYS</subfield>
    <subfield code="c">17</subfield>
    <subfield code="d">2015-09-01</subfield>
    <subfield code="h">N&#xBA; 1526 - sep. 2015</subfield>
    <subfield code="l">0</subfield>
    <subfield code="o">H338.1 BOL 1526</subfield>
    <subfield code="p">R16423</subfield>
    <subfield code="r">2026-04-10 16:06:21</subfield>
    <subfield code="w">2026-04-10</subfield>
    <subfield code="y">RN</subfield>
  </datafield>
  <datafield tag="952" ind1=" " ind2=" ">
    <subfield code="0">0</subfield>
    <subfield code="1">0</subfield>
    <subfield code="4">0</subfield>
    <subfield code="7">0</subfield>
    <subfield code="a">BCEJYS</subfield>
    <subfield code="b">BCEJYS</subfield>
    <subfield code="c">17</subfield>
    <subfield code="d">2015-05-01</subfield>
    <subfield code="h">N&#xBA; 1525 - mayo 2015</subfield>
    <subfield code="l">0</subfield>
    <subfield code="o">H338.1 BOL 1525</subfield>
    <subfield code="p">R14287</subfield>
    <subfield code="r">2026-04-10 16:06:21</subfield>
    <subfield code="w">2026-04-10</subfield>
    <subfield code="y">RN</subfield>
  </datafield>
  <datafield tag="952" ind1=" " ind2=" ">
    <subfield code="0">0</subfield>
    <subfield code="1">0</subfield>
    <subfield code="4">0</subfield>
    <subfield code="7">0</subfield>
    <subfield code="a">BCEJYS</subfield>
    <subfield code="b">BCEJYS</subfield>
    <subfield code="c">17</subfield>
    <subfield code="d">2014-12-01</subfield>
    <subfield code="h">N&#xBA; 1524 - dic. 2014</subfield>
    <subfield code="l">0</subfield>
    <subfield code="o">H338.1 BOL 1524</subfield>
    <subfield code="p">R13406</subfield>
    <subfield code="r">2026-04-10 16:06:21</subfield>
    <subfield code="w">2026-04-10</subfield>
    <subfield code="y">RN</subfield>
  </datafield>
  <datafield tag="952" ind1=" " ind2=" ">
    <subfield code="0">0</subfield>
    <subfield code="1">0</subfield>
    <subfield code="4">0</subfield>
    <subfield code="7">0</subfield>
    <subfield code="a">BCEJYS</subfield>
    <subfield code="b">BCEJYS</subfield>
    <subfield code="c">17</subfield>
    <subfield code="d">2014-09-01</subfield>
    <subfield code="h">N&#xBA; 1523 - sep. 2014</subfield>
    <subfield code="l">0</subfield>
    <subfield code="o">H338.1 BOL 1523</subfield>
    <subfield code="p">R12398</subfield>
    <subfield code="r">2026-04-10 16:06:21</subfield>
    <subfield code="w">2026-04-10</subfield>
    <subfield code="y">RN</subfield>
  </datafield>
  <datafield tag="952" ind1=" " ind2=" ">
    <subfield code="0">0</subfield>
    <subfield code="1">0</subfield>
    <subfield code="4">0</subfield>
    <subfield code="7">0</subfield>
    <subfield code="a">BCEJYS</subfield>
    <subfield code="b">BCEJYS</subfield>
    <subfield code="c">17</subfield>
    <subfield code="d">2014-05-01</subfield>
    <subfield code="h">N&#xBA; 1522 - mayo 2014</subfield>
    <subfield code="l">0</subfield>
    <subfield code="o">H338.1 BOL 1522</subfield>
    <subfield code="p">R11221</subfield>
    <subfield code="r">2026-04-10 16:06:21</subfield>
    <subfield code="w">2026-04-10</subfield>
    <subfield code="y">RN</subfield>
  </datafield>
  <datafield tag="952" ind1=" " ind2=" ">
    <subfield code="0">0</subfield>
    <subfield code="1">0</subfield>
    <subfield code="4">0</subfield>
    <subfield code="7">0</subfield>
    <subfield code="a">BCEJYS</subfield>
    <subfield code="b">BCEJYS</subfield>
    <subfield code="c">17</subfield>
    <subfield code="d">2013-12-01</subfield>
    <subfield code="h">N&#xBA; 1521 - dic. 2013</subfield>
    <subfield code="l">0</subfield>
    <subfield code="o">H338.1 BOL 1521</subfield>
    <subfield code="p">R10224</subfield>
    <subfield code="r">2026-04-10 16:06:21</subfield>
    <subfield code="w">2026-04-10</subfield>
    <subfield code="y">RN</subfield>
  </datafield>
  <datafield tag="952" ind1=" " ind2=" ">
    <subfield code="0">0</subfield>
    <subfield code="1">0</subfield>
    <subfield code="4">0</subfield>
    <subfield code="7">0</subfield>
    <subfield code="a">BCEJYS</subfield>
    <subfield code="b">BCEJYS</subfield>
    <subfield code="c">17</subfield>
    <subfield code="d">2013-08-01</subfield>
    <subfield code="h">N&#xBA; 1520 - ago. 2013</subfield>
    <subfield code="l">0</subfield>
    <subfield code="o">H338.1 BOL 1520</subfield>
    <subfield code="p">R08672</subfield>
    <subfield code="r">2026-04-10 16:06:21</subfield>
    <subfield code="w">2026-04-10</subfield>
    <subfield code="y">RN</subfield>
  </datafield>
  <datafield tag="952" ind1=" " ind2=" ">
    <subfield code="0">0</subfield>
    <subfield code="1">0</subfield>
    <subfield code="4">0</subfield>
    <subfield code="7">0</subfield>
    <subfield code="a">BCEJYS</subfield>
    <subfield code="b">BCEJYS</subfield>
    <subfield code="c">17</subfield>
    <subfield code="d">2013-04-01</subfield>
    <subfield code="h">N&#xBA; 1519 - abr. 2013</subfield>
    <subfield code="l">0</subfield>
    <subfield code="o">H338.1 BOL 1519</subfield>
    <subfield code="p">R07205</subfield>
    <subfield code="r">2026-04-10 16:06:21</subfield>
    <subfield code="w">2026-04-10</subfield>
    <subfield code="y">RN</subfield>
  </datafield>
  <datafield tag="952" ind1=" " ind2=" ">
    <subfield code="0">0</subfield>
    <subfield code="1">0</subfield>
    <subfield code="4">0</subfield>
    <subfield code="7">0</subfield>
    <subfield code="a">BCEJYS</subfield>
    <subfield code="b">BCEJYS</subfield>
    <subfield code="c">17</subfield>
    <subfield code="d">2012-12-01</subfield>
    <subfield code="h">N&#xBA; 1518 - dic. 2012</subfield>
    <subfield code="l">0</subfield>
    <subfield code="o">H338.1 BOL 1518</subfield>
    <subfield code="p">R06043</subfield>
    <subfield code="r">2026-04-10 16:06:21</subfield>
    <subfield code="w">2026-04-10</subfield>
    <subfield code="y">RN</subfield>
  </datafield>
  <datafield tag="952" ind1=" " ind2=" ">
    <subfield code="0">0</subfield>
    <subfield code="1">0</subfield>
    <subfield code="4">0</subfield>
    <subfield code="7">0</subfield>
    <subfield code="a">BCEJYS</subfield>
    <subfield code="b">BCEJYS</subfield>
    <subfield code="c">17</subfield>
    <subfield code="d">2012-08-01</subfield>
    <subfield code="h">N&#xBA; 1517 - ago. 2012</subfield>
    <subfield code="l">0</subfield>
    <subfield code="o">H338.1 BOL 1517</subfield>
    <subfield code="p">R05004</subfield>
    <subfield code="r">2026-04-10 16:06:21</subfield>
    <subfield code="w">2026-04-10</subfield>
    <subfield code="y">RN</subfield>
  </datafield>
  <datafield tag="952" ind1=" " ind2=" ">
    <subfield code="0">0</subfield>
    <subfield code="1">0</subfield>
    <subfield code="4">0</subfield>
    <subfield code="7">0</subfield>
    <subfield code="a">BCEJYS</subfield>
    <subfield code="b">BCEJYS</subfield>
    <subfield code="c">17</subfield>
    <subfield code="d">2012-04-01</subfield>
    <subfield code="h">N&#xBA; 1516 - abr. 2012</subfield>
    <subfield code="l">0</subfield>
    <subfield code="o">H338.1 BOL 1516</subfield>
    <subfield code="p">R04134</subfield>
    <subfield code="r">2026-04-10 16:06:21</subfield>
    <subfield code="w">2026-04-10</subfield>
    <subfield code="y">RN</subfield>
  </datafield>
  <datafield tag="952" ind1=" " ind2=" ">
    <subfield code="0">0</subfield>
    <subfield code="1">0</subfield>
    <subfield code="4">0</subfield>
    <subfield code="7">0</subfield>
    <subfield code="a">BCEJYS</subfield>
    <subfield code="b">BCEJYS</subfield>
    <subfield code="c">17</subfield>
    <subfield code="d">2011-12-01</subfield>
    <subfield code="h">N&#xBA; 1515 - dic. 2011</subfield>
    <subfield code="l">0</subfield>
    <subfield code="o">H338.1 BOL 1515</subfield>
    <subfield code="p">R03490</subfield>
    <subfield code="r">2026-04-10 16:06:21</subfield>
    <subfield code="w">2026-04-10</subfield>
    <subfield code="y">RN</subfield>
  </datafield>
  <datafield tag="952" ind1=" " ind2=" ">
    <subfield code="0">0</subfield>
    <subfield code="1">0</subfield>
    <subfield code="4">0</subfield>
    <subfield code="7">0</subfield>
    <subfield code="a">BCEJYS</subfield>
    <subfield code="b">BCEJYS</subfield>
    <subfield code="c">17</subfield>
    <subfield code="d">2011-09-01</subfield>
    <subfield code="h">N&#xBA; 1514 - sep. 2011</subfield>
    <subfield code="l">0</subfield>
    <subfield code="o">H338.1 BOL 1514</subfield>
    <subfield code="p">R03365</subfield>
    <subfield code="r">2026-04-10 16:06:21</subfield>
    <subfield code="w">2026-04-10</subfield>
    <subfield code="y">RN</subfield>
  </datafield>
  <datafield tag="952" ind1=" " ind2=" ">
    <subfield code="0">0</subfield>
    <subfield code="1">0</subfield>
    <subfield code="4">0</subfield>
    <subfield code="7">0</subfield>
    <subfield code="a">BCEJYS</subfield>
    <subfield code="b">BCEJYS</subfield>
    <subfield code="c">17</subfield>
    <subfield code="d">2011-04-01</subfield>
    <subfield code="h">N&#xBA; 1513 - abr. 2011</subfield>
    <subfield code="l">0</subfield>
    <subfield code="o">H338.1 BOL 1513</subfield>
    <subfield code="p">R03241</subfield>
    <subfield code="r">2026-04-10 16:06:21</subfield>
    <subfield code="w">2026-04-10</subfield>
    <subfield code="y">RN</subfield>
  </datafield>
  <datafield tag="952" ind1=" " ind2=" ">
    <subfield code="0">0</subfield>
    <subfield code="1">0</subfield>
    <subfield code="4">0</subfield>
    <subfield code="7">0</subfield>
    <subfield code="a">BCEJYS</subfield>
    <subfield code="b">BCEJYS</subfield>
    <subfield code="c">17</subfield>
    <subfield code="d">2010-12-01</subfield>
    <subfield code="h">N&#xBA; 1512 - dic. 2010</subfield>
    <subfield code="l">0</subfield>
    <subfield code="o">H338.1 BOL 1512</subfield>
    <subfield code="p">R02850</subfield>
    <subfield code="r">2026-04-10 16:06:21</subfield>
    <subfield code="w">2026-04-10</subfield>
    <subfield code="y">RN</subfield>
  </datafield>
  <datafield tag="952" ind1=" " ind2=" ">
    <subfield code="0">0</subfield>
    <subfield code="1">0</subfield>
    <subfield code="4">0</subfield>
    <subfield code="7">0</subfield>
    <subfield code="a">BCEJYS</subfield>
    <subfield code="b">BCEJYS</subfield>
    <subfield code="c">17</subfield>
    <subfield code="d">2010-08-01</subfield>
    <subfield code="h">N&#xBA; 1511 - ago. 2010</subfield>
    <subfield code="l">0</subfield>
    <subfield code="o">H338.1 BOL 1511</subfield>
    <subfield code="p">R02829</subfield>
    <subfield code="r">2026-04-10 16:06:21</subfield>
    <subfield code="w">2026-04-10</subfield>
    <subfield code="y">RN</subfield>
  </datafield>
  <datafield tag="952" ind1=" " ind2=" ">
    <subfield code="0">0</subfield>
    <subfield code="1">0</subfield>
    <subfield code="4">0</subfield>
    <subfield code="7">0</subfield>
    <subfield code="a">BCEJYS</subfield>
    <subfield code="b">BCEJYS</subfield>
    <subfield code="c">17</subfield>
    <subfield code="d">2010-04-01</subfield>
    <subfield code="h">N&#xBA; 1510 - abr. 2010</subfield>
    <subfield code="l">0</subfield>
    <subfield code="o">H338.1 BOL 1510</subfield>
    <subfield code="p">R02830</subfield>
    <subfield code="r">2026-04-10 16:06:21</subfield>
    <subfield code="w">2026-04-10</subfield>
    <subfield code="y">RN</subfield>
  </datafield>
  <datafield tag="952" ind1=" " ind2=" ">
    <subfield code="0">0</subfield>
    <subfield code="1">0</subfield>
    <subfield code="4">0</subfield>
    <subfield code="7">0</subfield>
    <subfield code="a">BCEJYS</subfield>
    <subfield code="b">BCEJYS</subfield>
    <subfield code="c">17</subfield>
    <subfield code="d">2009-12-01</subfield>
    <subfield code="h">N&#xBA; 1509 - dic. 2009</subfield>
    <subfield code="l">0</subfield>
    <subfield code="o">H338.1 BOL 1509</subfield>
    <subfield code="p">R02831</subfield>
    <subfield code="r">2026-04-10 16:06:21</subfield>
    <subfield code="w">2026-04-10</subfield>
    <subfield code="y">RN</subfield>
  </datafield>
  <datafield tag="952" ind1=" " ind2=" ">
    <subfield code="0">0</subfield>
    <subfield code="1">0</subfield>
    <subfield code="4">0</subfield>
    <subfield code="7">0</subfield>
    <subfield code="a">BCEJYS</subfield>
    <subfield code="b">BCEJYS</subfield>
    <subfield code="c">17</subfield>
    <subfield code="d">2009-08-01</subfield>
    <subfield code="h">N&#xBA; 1508 - ago. 2009</subfield>
    <subfield code="l">0</subfield>
    <subfield code="o">H338.1 BOL 1508</subfield>
    <subfield code="p">R02832</subfield>
    <subfield code="r">2026-04-10 16:06:21</subfield>
    <subfield code="w">2026-04-10</subfield>
    <subfield code="y">RN</subfield>
  </datafield>
  <datafield tag="952" ind1=" " ind2=" ">
    <subfield code="0">0</subfield>
    <subfield code="1">0</subfield>
    <subfield code="4">0</subfield>
    <subfield code="7">0</subfield>
    <subfield code="a">BCEJYS</subfield>
    <subfield code="b">BCEJYS</subfield>
    <subfield code="c">17</subfield>
    <subfield code="d">2009-04-01</subfield>
    <subfield code="h">N&#xBA; 1507 - abr. 2009</subfield>
    <subfield code="l">0</subfield>
    <subfield code="o">H338.1 BOL 1507</subfield>
    <subfield code="p">R02833</subfield>
    <subfield code="r">2026-04-10 16:06:21</subfield>
    <subfield code="w">2026-04-10</subfield>
    <subfield code="y">RN</subfield>
  </datafield>
  <datafield tag="952" ind1=" " ind2=" ">
    <subfield code="0">0</subfield>
    <subfield code="1">0</subfield>
    <subfield code="4">0</subfield>
    <subfield code="7">0</subfield>
    <subfield code="a">BCEJYS</subfield>
    <subfield code="b">BCEJYS</subfield>
    <subfield code="c">17</subfield>
    <subfield code="d">2008-12-01</subfield>
    <subfield code="h">N&#xBA; 1506 - dic. 2008</subfield>
    <subfield code="l">0</subfield>
    <subfield code="o">H338.1 BOL 1506</subfield>
    <subfield code="p">R02835</subfield>
    <subfield code="r">2026-04-10 16:06:21</subfield>
    <subfield code="w">2026-04-10</subfield>
    <subfield code="y">RN</subfield>
  </datafield>
  <datafield tag="952" ind1=" " ind2=" ">
    <subfield code="0">0</subfield>
    <subfield code="1">0</subfield>
    <subfield code="4">0</subfield>
    <subfield code="7">0</subfield>
    <subfield code="a">BCEJYS</subfield>
    <subfield code="b">BCEJYS</subfield>
    <subfield code="c">17</subfield>
    <subfield code="d">2008-08-01</subfield>
    <subfield code="h">N&#xBA; 1505 - ago. 2008</subfield>
    <subfield code="l">0</subfield>
    <subfield code="o">H338.1 BOL 1505</subfield>
    <subfield code="p">R02836</subfield>
    <subfield code="r">2026-04-10 16:06:21</subfield>
    <subfield code="w">2026-04-10</subfield>
    <subfield code="y">RN</subfield>
  </datafield>
  <datafield tag="952" ind1=" " ind2=" ">
    <subfield code="0">0</subfield>
    <subfield code="1">0</subfield>
    <subfield code="4">0</subfield>
    <subfield code="7">0</subfield>
    <subfield code="a">BCEJYS</subfield>
    <subfield code="b">BCEJYS</subfield>
    <subfield code="c">17</subfield>
    <subfield code="d">2008-04-01</subfield>
    <subfield code="h">N&#xBA; 1504 - abr. 2008</subfield>
    <subfield code="l">0</subfield>
    <subfield code="o">H338.1 BOL 1504</subfield>
    <subfield code="p">R02837</subfield>
    <subfield code="r">2026-04-10 16:06:21</subfield>
    <subfield code="w">2026-04-10</subfield>
    <subfield code="y">RN</subfield>
  </datafield>
  <datafield tag="952" ind1=" " ind2=" ">
    <subfield code="0">0</subfield>
    <subfield code="1">0</subfield>
    <subfield code="4">0</subfield>
    <subfield code="7">0</subfield>
    <subfield code="a">BCEJYS</subfield>
    <subfield code="b">BCEJYS</subfield>
    <subfield code="c">17</subfield>
    <subfield code="d">2007-12-01</subfield>
    <subfield code="h">N&#xBA; 1503 - dic. 2007</subfield>
    <subfield code="l">0</subfield>
    <subfield code="o">H338.1 BOL 1503</subfield>
    <subfield code="p">R02838</subfield>
    <subfield code="r">2026-04-10 16:06:21</subfield>
    <subfield code="w">2026-04-10</subfield>
    <subfield code="y">RN</subfield>
  </datafield>
  <datafield tag="952" ind1=" " ind2=" ">
    <subfield code="0">0</subfield>
    <subfield code="1">0</subfield>
    <subfield code="4">0</subfield>
    <subfield code="7">0</subfield>
    <subfield code="a">BCEJYS</subfield>
    <subfield code="b">BCEJYS</subfield>
    <subfield code="c">17</subfield>
    <subfield code="d">2007-08-01</subfield>
    <subfield code="h">N&#xBA; 1502 - ago. 2007</subfield>
    <subfield code="l">0</subfield>
    <subfield code="o">H338.1 BOL 1502</subfield>
    <subfield code="p">R02839</subfield>
    <subfield code="r">2026-04-10 16:06:21</subfield>
    <subfield code="w">2026-04-10</subfield>
    <subfield code="y">RN</subfield>
  </datafield>
  <datafield tag="952" ind1=" " ind2=" ">
    <subfield code="0">0</subfield>
    <subfield code="1">0</subfield>
    <subfield code="4">0</subfield>
    <subfield code="7">0</subfield>
    <subfield code="a">BCEJYS</subfield>
    <subfield code="b">BCEJYS</subfield>
    <subfield code="c">17</subfield>
    <subfield code="d">2007-04-01</subfield>
    <subfield code="h">N&#xBA; 1501 - abr. 2007</subfield>
    <subfield code="l">0</subfield>
    <subfield code="o">H338.1 BOL 1501</subfield>
    <subfield code="p">R02840</subfield>
    <subfield code="r">2026-04-10 16:06:21</subfield>
    <subfield code="w">2026-04-10</subfield>
    <subfield code="y">RN</subfield>
  </datafield>
  <datafield tag="952" ind1=" " ind2=" ">
    <subfield code="0">0</subfield>
    <subfield code="1">0</subfield>
    <subfield code="4">0</subfield>
    <subfield code="7">0</subfield>
    <subfield code="a">BCEJYS</subfield>
    <subfield code="b">BCEJYS</subfield>
    <subfield code="c">17</subfield>
    <subfield code="d">2006-12-01</subfield>
    <subfield code="h">N&#xBA; 1500 - dic. 2006</subfield>
    <subfield code="l">0</subfield>
    <subfield code="o">H338.1 BOL 1500</subfield>
    <subfield code="p">R02834</subfield>
    <subfield code="r">2026-04-10 16:06:21</subfield>
    <subfield code="w">2026-04-10</subfield>
    <subfield code="y">RN</subfield>
  </datafield>
  <datafield tag="952" ind1=" " ind2=" ">
    <subfield code="0">0</subfield>
    <subfield code="1">0</subfield>
    <subfield code="4">0</subfield>
    <subfield code="7">0</subfield>
    <subfield code="a">BCEJYS</subfield>
    <subfield code="b">BCEJYS</subfield>
    <subfield code="c">17</subfield>
    <subfield code="d">2006-08-01</subfield>
    <subfield code="h">N&#xBA; 1499 - ago. 2006</subfield>
    <subfield code="l">0</subfield>
    <subfield code="o">H338.1 BOL 1499</subfield>
    <subfield code="p">R01912</subfield>
    <subfield code="r">2026-04-10 16:06:21</subfield>
    <subfield code="w">2026-04-10</subfield>
    <subfield code="y">RN</subfield>
  </datafield>
  <datafield tag="952" ind1=" " ind2=" ">
    <subfield code="0">0</subfield>
    <subfield code="1">0</subfield>
    <subfield code="4">0</subfield>
    <subfield code="7">0</subfield>
    <subfield code="a">BCEJYS</subfield>
    <subfield code="b">BCEJYS</subfield>
    <subfield code="c">17</subfield>
    <subfield code="d">2006-04-01</subfield>
    <subfield code="h">N&#xBA; 1498 - abr. 2006</subfield>
    <subfield code="l">0</subfield>
    <subfield code="o">H338.1 BOL 1498</subfield>
    <subfield code="p">R01812</subfield>
    <subfield code="r">2026-04-10 16:06:21</subfield>
    <subfield code="w">2026-04-10</subfield>
    <subfield code="y">RN</subfield>
  </datafield>
  <datafield tag="952" ind1=" " ind2=" ">
    <subfield code="0">0</subfield>
    <subfield code="1">0</subfield>
    <subfield code="4">0</subfield>
    <subfield code="7">0</subfield>
    <subfield code="a">BCEJYS</subfield>
    <subfield code="b">BCEJYS</subfield>
    <subfield code="c">17</subfield>
    <subfield code="d">2005-12-01</subfield>
    <subfield code="h">N&#xBA; 1497 - dic. 2005</subfield>
    <subfield code="l">0</subfield>
    <subfield code="o">H338.1 BOL 1497</subfield>
    <subfield code="p">R01773</subfield>
    <subfield code="r">2026-04-10 16:06:21</subfield>
    <subfield code="w">2026-04-10</subfield>
    <subfield code="y">RN</subfield>
  </datafield>
  <datafield tag="952" ind1=" " ind2=" ">
    <subfield code="0">0</subfield>
    <subfield code="1">0</subfield>
    <subfield code="4">0</subfield>
    <subfield code="7">0</subfield>
    <subfield code="a">BCEJYS</subfield>
    <subfield code="b">BCEJYS</subfield>
    <subfield code="c">17</subfield>
    <subfield code="d">2005-08-01</subfield>
    <subfield code="h">N&#xBA; 1496 - ago. 2005</subfield>
    <subfield code="l">0</subfield>
    <subfield code="o">H338.1 BOL 1496</subfield>
    <subfield code="p">R01584</subfield>
    <subfield code="r">2026-04-10 16:06:21</subfield>
    <subfield code="w">2026-04-10</subfield>
    <subfield code="y">RN</subfield>
  </datafield>
  <datafield tag="952" ind1=" " ind2=" ">
    <subfield code="0">0</subfield>
    <subfield code="1">0</subfield>
    <subfield code="4">0</subfield>
    <subfield code="7">0</subfield>
    <subfield code="a">BCEJYS</subfield>
    <subfield code="b">BCEJYS</subfield>
    <subfield code="c">17</subfield>
    <subfield code="d">2005-04-01</subfield>
    <subfield code="h">N&#xBA; 1495 - abr. 2005</subfield>
    <subfield code="l">0</subfield>
    <subfield code="o">H338.1 BOL 1495</subfield>
    <subfield code="p">R00195</subfield>
    <subfield code="r">2026-04-10 16:06:21</subfield>
    <subfield code="w">2026-04-10</subfield>
    <subfield code="y">RN</subfield>
  </datafield>
  <datafield tag="952" ind1=" " ind2=" ">
    <subfield code="0">0</subfield>
    <subfield code="1">0</subfield>
    <subfield code="4">0</subfield>
    <subfield code="7">0</subfield>
    <subfield code="a">BCEJYS</subfield>
    <subfield code="b">BCEJYS</subfield>
    <subfield code="c">17</subfield>
    <subfield code="d">2004-12-01</subfield>
    <subfield code="h">N&#xBA; 1494 - dic. 2004</subfield>
    <subfield code="l">0</subfield>
    <subfield code="o">H338.1 BOL 1494</subfield>
    <subfield code="p">R00403</subfield>
    <subfield code="r">2026-04-10 16:06:21</subfield>
    <subfield code="w">2026-04-10</subfield>
    <subfield code="y">RN</subfield>
  </datafield>
  <datafield tag="952" ind1=" " ind2=" ">
    <subfield code="0">0</subfield>
    <subfield code="1">0</subfield>
    <subfield code="4">0</subfield>
    <subfield code="7">0</subfield>
    <subfield code="a">BCEJYS</subfield>
    <subfield code="b">BCEJYS</subfield>
    <subfield code="c">17</subfield>
    <subfield code="d">2004-08-01</subfield>
    <subfield code="h">N&#xBA; 1493 - ago. 2004</subfield>
    <subfield code="l">0</subfield>
    <subfield code="o">H338.1 BOL 1493</subfield>
    <subfield code="p">R02841</subfield>
    <subfield code="r">2026-04-10 16:06:21</subfield>
    <subfield code="w">2026-04-10</subfield>
    <subfield code="y">RN</subfield>
  </datafield>
  <datafield tag="952" ind1=" " ind2=" ">
    <subfield code="0">0</subfield>
    <subfield code="1">0</subfield>
    <subfield code="4">0</subfield>
    <subfield code="7">0</subfield>
    <subfield code="a">BCEJYS</subfield>
    <subfield code="b">BCEJYS</subfield>
    <subfield code="c">17</subfield>
    <subfield code="d">2004-04-01</subfield>
    <subfield code="h">N&#xBA; 1492 - abr. 2004</subfield>
    <subfield code="l">0</subfield>
    <subfield code="o">H338.1 BOL 1492</subfield>
    <subfield code="p">R02842</subfield>
    <subfield code="r">2026-04-10 16:06:21</subfield>
    <subfield code="w">2026-04-10</subfield>
    <subfield code="y">RN</subfield>
  </datafield>
  <datafield tag="952" ind1=" " ind2=" ">
    <subfield code="0">0</subfield>
    <subfield code="1">0</subfield>
    <subfield code="4">0</subfield>
    <subfield code="7">0</subfield>
    <subfield code="a">BCEJYS</subfield>
    <subfield code="b">BCEJYS</subfield>
    <subfield code="c">17</subfield>
    <subfield code="d">2003-12-01</subfield>
    <subfield code="h">N&#xBA; 1491 - dic. 2003</subfield>
    <subfield code="l">0</subfield>
    <subfield code="o">H338.1 BOL 1491</subfield>
    <subfield code="p">R00405</subfield>
    <subfield code="r">2026-04-10 16:06:21</subfield>
    <subfield code="w">2026-04-10</subfield>
    <subfield code="y">RN</subfield>
  </datafield>
  <datafield tag="952" ind1=" " ind2=" ">
    <subfield code="0">0</subfield>
    <subfield code="1">0</subfield>
    <subfield code="4">0</subfield>
    <subfield code="7">0</subfield>
    <subfield code="a">BCEJYS</subfield>
    <subfield code="b">BCEJYS</subfield>
    <subfield code="c">17</subfield>
    <subfield code="d">2003-08-01</subfield>
    <subfield code="h">N&#xBA; 1490 - ago. 2003</subfield>
    <subfield code="l">0</subfield>
    <subfield code="o">H338.1 BOL 1490</subfield>
    <subfield code="p">R00404</subfield>
    <subfield code="r">2026-04-10 16:06:21</subfield>
    <subfield code="w">2026-04-10</subfield>
    <subfield code="y">RN</subfield>
  </datafield>
  <datafield tag="952" ind1=" " ind2=" ">
    <subfield code="0">0</subfield>
    <subfield code="1">0</subfield>
    <subfield code="4">0</subfield>
    <subfield code="7">0</subfield>
    <subfield code="a">BCEJYS</subfield>
    <subfield code="b">BCEJYS</subfield>
    <subfield code="c">17</subfield>
    <subfield code="d">2003-04-01</subfield>
    <subfield code="h">N&#xBA; 1489 - abr. 2003</subfield>
    <subfield code="l">0</subfield>
    <subfield code="o">H338.1 BOL 1489</subfield>
    <subfield code="p">R02843</subfield>
    <subfield code="r">2026-04-10 16:06:21</subfield>
    <subfield code="w">2026-04-10</subfield>
    <subfield code="y">RN</subfield>
  </datafield>
  <datafield tag="952" ind1=" " ind2=" ">
    <subfield code="0">0</subfield>
    <subfield code="1">0</subfield>
    <subfield code="4">0</subfield>
    <subfield code="7">0</subfield>
    <subfield code="a">BCEJYS</subfield>
    <subfield code="b">BCEJYS</subfield>
    <subfield code="c">17</subfield>
    <subfield code="d">2002-12-01</subfield>
    <subfield code="h">N&#xBA; 1488 - dic. 2002</subfield>
    <subfield code="l">0</subfield>
    <subfield code="o">H338.1 BOL 1488</subfield>
    <subfield code="p">R00406</subfield>
    <subfield code="r">2026-04-10 16:06:21</subfield>
    <subfield code="w">2026-04-10</subfield>
    <subfield code="y">RN</subfield>
  </datafield>
  <datafield tag="952" ind1=" " ind2=" ">
    <subfield code="0">0</subfield>
    <subfield code="1">0</subfield>
    <subfield code="4">0</subfield>
    <subfield code="7">0</subfield>
    <subfield code="a">BCEJYS</subfield>
    <subfield code="b">BCEJYS</subfield>
    <subfield code="c">17</subfield>
    <subfield code="d">2001-08-01</subfield>
    <subfield code="h">N&#xBA; 1484 - ago. 2001</subfield>
    <subfield code="l">0</subfield>
    <subfield code="o">H338.1 BOL 1484</subfield>
    <subfield code="p">R02844</subfield>
    <subfield code="r">2026-04-10 16:06:21</subfield>
    <subfield code="w">2026-04-10</subfield>
    <subfield code="y">RN</subfield>
  </datafield>
  <datafield tag="952" ind1=" " ind2=" ">
    <subfield code="0">0</subfield>
    <subfield code="1">0</subfield>
    <subfield code="4">0</subfield>
    <subfield code="7">0</subfield>
    <subfield code="a">BCEJYS</subfield>
    <subfield code="b">BCEJYS</subfield>
    <subfield code="c">17</subfield>
    <subfield code="d">2001-04-01</subfield>
    <subfield code="h">N&#xBA; 1483 - abr. 2001</subfield>
    <subfield code="l">0</subfield>
    <subfield code="o">H338.1 BOL 1483</subfield>
    <subfield code="p">R02845</subfield>
    <subfield code="r">2026-04-10 16:06:21</subfield>
    <subfield code="w">2026-04-10</subfield>
    <subfield code="y">RN</subfield>
  </datafield>
  <datafield tag="952" ind1=" " ind2=" ">
    <subfield code="0">0</subfield>
    <subfield code="1">0</subfield>
    <subfield code="4">0</subfield>
    <subfield code="7">0</subfield>
    <subfield code="a">BCEJYS</subfield>
    <subfield code="b">BCEJYS</subfield>
    <subfield code="c">17</subfield>
    <subfield code="d">2000-08-01</subfield>
    <subfield code="h">N&#xBA; 1481 - ago. 2000</subfield>
    <subfield code="l">0</subfield>
    <subfield code="o">H338.1 BOL 1481</subfield>
    <subfield code="p">R02846</subfield>
    <subfield code="r">2026-04-10 16:06:21</subfield>
    <subfield code="w">2026-04-10</subfield>
    <subfield code="y">RN</subfield>
  </datafield>
  <datafield tag="952" ind1=" " ind2=" ">
    <subfield code="0">0</subfield>
    <subfield code="1">0</subfield>
    <subfield code="4">0</subfield>
    <subfield code="7">0</subfield>
    <subfield code="a">BCEJYS</subfield>
    <subfield code="b">BCEJYS</subfield>
    <subfield code="c">17</subfield>
    <subfield code="d">1997-12-01</subfield>
    <subfield code="h">N&#xBA; 1473 - dic. 1997</subfield>
    <subfield code="l">0</subfield>
    <subfield code="o">H338.1 BOL 1473</subfield>
    <subfield code="p">R02847</subfield>
    <subfield code="r">2026-04-10 16:06:21</subfield>
    <subfield code="w">2026-04-10</subfield>
    <subfield code="y">RN</subfield>
  </datafield>
  <datafield tag="952" ind1=" " ind2=" ">
    <subfield code="0">0</subfield>
    <subfield code="1">0</subfield>
    <subfield code="4">0</subfield>
    <subfield code="7">0</subfield>
    <subfield code="a">BCEJYS</subfield>
    <subfield code="b">BCEJYS</subfield>
    <subfield code="c">17</subfield>
    <subfield code="d">1997-08-01</subfield>
    <subfield code="h">N&#xBA; 1472 - ago. 1997</subfield>
    <subfield code="l">0</subfield>
    <subfield code="o">H338.1 BOL 1472</subfield>
    <subfield code="p">R02849</subfield>
    <subfield code="r">2026-04-10 16:06:21</subfield>
    <subfield code="w">2026-04-10</subfield>
    <subfield code="y">RN</subfield>
  </datafield>
  <datafield tag="952" ind1=" " ind2=" ">
    <subfield code="0">0</subfield>
    <subfield code="1">0</subfield>
    <subfield code="4">0</subfield>
    <subfield code="7">0</subfield>
    <subfield code="a">BCEJYS</subfield>
    <subfield code="b">BCEJYS</subfield>
    <subfield code="c">17</subfield>
    <subfield code="d">1997-04-01</subfield>
    <subfield code="h">N&#xBA; 1471 - abr. 1997</subfield>
    <subfield code="l">0</subfield>
    <subfield code="o">H338.1 BOL 1471</subfield>
    <subfield code="p">R02848</subfield>
    <subfield code="r">2026-04-10 16:06:21</subfield>
    <subfield code="w">2026-04-10</subfield>
    <subfield code="y">RN</subfield>
  </datafield>
  <datafield tag="952" ind1=" " ind2=" ">
    <subfield code="0">0</subfield>
    <subfield code="1">0</subfield>
    <subfield code="4">0</subfield>
    <subfield code="7">0</subfield>
    <subfield code="a">BCEJYS</subfield>
    <subfield code="b">BCEJYS</subfield>
    <subfield code="c">17</subfield>
    <subfield code="d">1995-12-01</subfield>
    <subfield code="h">N&#xBA; 1467 - dic. 1995</subfield>
    <subfield code="l">0</subfield>
    <subfield code="o">H338.1 BOL 1467</subfield>
    <subfield code="p">R04370</subfield>
    <subfield code="r">2026-04-10 16:06:21</subfield>
    <subfield code="w">2026-04-10</subfield>
    <subfield code="y">RN</subfield>
  </datafield>
  <datafield tag="952" ind1=" " ind2=" ">
    <subfield code="0">0</subfield>
    <subfield code="1">0</subfield>
    <subfield code="4">0</subfield>
    <subfield code="7">0</subfield>
    <subfield code="a">BCEJYS</subfield>
    <subfield code="b">BCEJYS</subfield>
    <subfield code="c">17</subfield>
    <subfield code="d">1995-04-01</subfield>
    <subfield code="h">N&#xBA; 1465 - abr. 1995</subfield>
    <subfield code="l">0</subfield>
    <subfield code="o">H338.1 BOL 1465</subfield>
    <subfield code="p">R04369</subfield>
    <subfield code="r">2026-04-10 16:06:21</subfield>
    <subfield code="w">2026-04-10</subfield>
    <subfield code="y">RN</subfield>
  </datafield>
  <datafield tag="952" ind1=" " ind2=" ">
    <subfield code="0">0</subfield>
    <subfield code="1">0</subfield>
    <subfield code="4">0</subfield>
    <subfield code="7">0</subfield>
    <subfield code="a">BCEJYS</subfield>
    <subfield code="b">BCEJYS</subfield>
    <subfield code="c">17</subfield>
    <subfield code="d">1994-08-01</subfield>
    <subfield code="h">N&#xBA; 1463 - ago. 1994</subfield>
    <subfield code="l">0</subfield>
    <subfield code="o">H338.1 BOL 1463</subfield>
    <subfield code="p">R04368</subfield>
    <subfield code="r">2026-04-10 16:06:21</subfield>
    <subfield code="w">2026-04-10</subfield>
    <subfield code="y">RN</subfield>
  </datafield>
  <datafield tag="952" ind1=" " ind2=" ">
    <subfield code="0">0</subfield>
    <subfield code="1">0</subfield>
    <subfield code="4">0</subfield>
    <subfield code="7">0</subfield>
    <subfield code="a">BCEJYS</subfield>
    <subfield code="b">BCEJYS</subfield>
    <subfield code="c">17</subfield>
    <subfield code="d">1994-04-01</subfield>
    <subfield code="h">N&#xBA; 1462 - abr. 1994</subfield>
    <subfield code="l">0</subfield>
    <subfield code="o">H338.1 BOL 1462</subfield>
    <subfield code="p">R04367</subfield>
    <subfield code="r">2026-04-10 16:06:21</subfield>
    <subfield code="w">2026-04-10</subfield>
    <subfield code="y">RN</subfield>
  </datafield>
  <datafield tag="952" ind1=" " ind2=" ">
    <subfield code="0">0</subfield>
    <subfield code="1">0</subfield>
    <subfield code="4">0</subfield>
    <subfield code="7">0</subfield>
    <subfield code="a">BCEJYS</subfield>
    <subfield code="b">BCEJYS</subfield>
    <subfield code="c">17</subfield>
    <subfield code="d">1993-12-01</subfield>
    <subfield code="h">N&#xBA; 1461 - dic. 1993</subfield>
    <subfield code="l">0</subfield>
    <subfield code="o">H338.1 BOL 1461</subfield>
    <subfield code="p">R04366</subfield>
    <subfield code="r">2026-04-10 16:06:21</subfield>
    <subfield code="w">2026-04-10</subfield>
    <subfield code="y">RN</subfield>
  </datafield>
  <datafield tag="952" ind1=" " ind2=" ">
    <subfield code="0">0</subfield>
    <subfield code="1">0</subfield>
    <subfield code="4">0</subfield>
    <subfield code="7">0</subfield>
    <subfield code="a">BCEJYS</subfield>
    <subfield code="b">BCEJYS</subfield>
    <subfield code="c">17</subfield>
    <subfield code="d">1992-11-01</subfield>
    <subfield code="h">N&#xBA; 1459 - nov. 1992</subfield>
    <subfield code="l">0</subfield>
    <subfield code="o">H338.1 BOL 1459</subfield>
    <subfield code="p">R04365</subfield>
    <subfield code="r">2026-04-10 16:06:21</subfield>
    <subfield code="w">2026-04-10</subfield>
    <subfield code="y">RN</subfield>
  </datafield>
  <datafield tag="952" ind1=" " ind2=" ">
    <subfield code="0">0</subfield>
    <subfield code="1">0</subfield>
    <subfield code="4">0</subfield>
    <subfield code="7">0</subfield>
    <subfield code="a">BCEJYS</subfield>
    <subfield code="b">BCEJYS</subfield>
    <subfield code="c">17</subfield>
    <subfield code="d">1992-08-01</subfield>
    <subfield code="h">N&#xBA; 1458 - ago. 1992</subfield>
    <subfield code="l">0</subfield>
    <subfield code="o">H338.1 BOL 1458</subfield>
    <subfield code="p">R04364</subfield>
    <subfield code="r">2026-04-10 16:06:21</subfield>
    <subfield code="w">2026-04-10</subfield>
    <subfield code="y">RN</subfield>
  </datafield>
  <datafield tag="952" ind1=" " ind2=" ">
    <subfield code="0">0</subfield>
    <subfield code="1">0</subfield>
    <subfield code="4">0</subfield>
    <subfield code="7">0</subfield>
    <subfield code="a">BCEJYS</subfield>
    <subfield code="b">BCEJYS</subfield>
    <subfield code="c">17</subfield>
    <subfield code="d">1992-01-01</subfield>
    <subfield code="h">N&#xBA; 1457 - ene. 1992</subfield>
    <subfield code="l">0</subfield>
    <subfield code="o">H338.1 BOL 1457</subfield>
    <subfield code="p">R04363</subfield>
    <subfield code="r">2026-04-10 16:06:21</subfield>
    <subfield code="w">2026-04-10</subfield>
    <subfield code="y">RN</subfield>
  </datafield>
  <datafield tag="952" ind1=" " ind2=" ">
    <subfield code="0">0</subfield>
    <subfield code="1">0</subfield>
    <subfield code="4">0</subfield>
    <subfield code="7">0</subfield>
    <subfield code="a">BCEJYS</subfield>
    <subfield code="b">BCEJYS</subfield>
    <subfield code="c">17</subfield>
    <subfield code="d">1991-09-01</subfield>
    <subfield code="h">N&#xBA; 1456 - sep. 1991</subfield>
    <subfield code="l">0</subfield>
    <subfield code="o">H338.1 BOL 1456</subfield>
    <subfield code="p">R04362</subfield>
    <subfield code="r">2026-04-10 16:06:21</subfield>
    <subfield code="w">2026-04-10</subfield>
    <subfield code="y">RN</subfield>
  </datafield>
  <datafield tag="952" ind1=" " ind2=" ">
    <subfield code="0">0</subfield>
    <subfield code="1">0</subfield>
    <subfield code="4">0</subfield>
    <subfield code="7">0</subfield>
    <subfield code="a">BCEJYS</subfield>
    <subfield code="b">BCEJYS</subfield>
    <subfield code="c">17</subfield>
    <subfield code="d">1991-05-01</subfield>
    <subfield code="h">N&#xBA; 1455 - may. 1991</subfield>
    <subfield code="l">0</subfield>
    <subfield code="o">H338.1 BOL 1455</subfield>
    <subfield code="p">R04361</subfield>
    <subfield code="r">2026-04-10 16:06:21</subfield>
    <subfield code="w">2026-04-10</subfield>
    <subfield code="y">RN</subfield>
  </datafield>
  <datafield tag="952" ind1=" " ind2=" ">
    <subfield code="0">0</subfield>
    <subfield code="1">0</subfield>
    <subfield code="4">0</subfield>
    <subfield code="7">0</subfield>
    <subfield code="a">BCEJYS</subfield>
    <subfield code="b">BCEJYS</subfield>
    <subfield code="c">17</subfield>
    <subfield code="d">1991-01-01</subfield>
    <subfield code="h">N&#xBA; 1454 - ene. 1991</subfield>
    <subfield code="l">0</subfield>
    <subfield code="o">H338.1 BOL 1454</subfield>
    <subfield code="p">R04360</subfield>
    <subfield code="r">2026-04-10 16:06:21</subfield>
    <subfield code="w">2026-04-10</subfield>
    <subfield code="y">RN</subfield>
  </datafield>
  <datafield tag="952" ind1=" " ind2=" ">
    <subfield code="0">0</subfield>
    <subfield code="1">0</subfield>
    <subfield code="4">0</subfield>
    <subfield code="7">0</subfield>
    <subfield code="a">BCEJYS</subfield>
    <subfield code="b">BCEJYS</subfield>
    <subfield code="c">17</subfield>
    <subfield code="d">1990-08-01</subfield>
    <subfield code="h">N&#xBA; 1453 - ago. 1990</subfield>
    <subfield code="l">0</subfield>
    <subfield code="o">H338.1 BOL 1453</subfield>
    <subfield code="p">R04359</subfield>
    <subfield code="r">2026-04-10 16:06:21</subfield>
    <subfield code="w">2026-04-10</subfield>
    <subfield code="y">RN</subfield>
  </datafield>
  <datafield tag="952" ind1=" " ind2=" ">
    <subfield code="0">0</subfield>
    <subfield code="1">0</subfield>
    <subfield code="4">0</subfield>
    <subfield code="7">0</subfield>
    <subfield code="a">BCEJYS</subfield>
    <subfield code="b">BCEJYS</subfield>
    <subfield code="c">17</subfield>
    <subfield code="d">1990-04-01</subfield>
    <subfield code="h">N&#xBA; 1452 - abr. 1990</subfield>
    <subfield code="l">0</subfield>
    <subfield code="o">H338.1 BOL 1452</subfield>
    <subfield code="p">R04358</subfield>
    <subfield code="r">2026-04-10 16:06:21</subfield>
    <subfield code="w">2026-04-10</subfield>
    <subfield code="y">RN</subfield>
  </datafield>
  <datafield tag="952" ind1=" " ind2=" ">
    <subfield code="0">0</subfield>
    <subfield code="1">0</subfield>
    <subfield code="4">0</subfield>
    <subfield code="7">0</subfield>
    <subfield code="a">BCEJYS</subfield>
    <subfield code="b">BCEJYS</subfield>
    <subfield code="c">17</subfield>
    <subfield code="d">1989-12-01</subfield>
    <subfield code="h">N&#xBA; 1451 - dic. 1989</subfield>
    <subfield code="l">0</subfield>
    <subfield code="o">H338.1 BOL 1451</subfield>
    <subfield code="p">R04357</subfield>
    <subfield code="r">2026-04-10 16:06:21</subfield>
    <subfield code="w">2026-04-10</subfield>
    <subfield code="y">RN</subfield>
  </datafield>
  <datafield tag="952" ind1=" " ind2=" ">
    <subfield code="0">0</subfield>
    <subfield code="1">0</subfield>
    <subfield code="4">0</subfield>
    <subfield code="7">0</subfield>
    <subfield code="a">BCEJYS</subfield>
    <subfield code="b">BCEJYS</subfield>
    <subfield code="c">17</subfield>
    <subfield code="d">1989-08-01</subfield>
    <subfield code="h">N&#xBA; 1450 - ago. 1989</subfield>
    <subfield code="l">0</subfield>
    <subfield code="o">H338.1 BOL 1450</subfield>
    <subfield code="p">R04356</subfield>
    <subfield code="r">2026-04-10 16:06:21</subfield>
    <subfield code="w">2026-04-10</subfield>
    <subfield code="y">RN</subfield>
  </datafield>
  <datafield tag="952" ind1=" " ind2=" ">
    <subfield code="0">0</subfield>
    <subfield code="1">0</subfield>
    <subfield code="4">0</subfield>
    <subfield code="7">0</subfield>
    <subfield code="a">BCEJYS</subfield>
    <subfield code="b">BCEJYS</subfield>
    <subfield code="c">17</subfield>
    <subfield code="d">1989-03-01</subfield>
    <subfield code="h">N&#xBA; 1449 - mar. 1989</subfield>
    <subfield code="l">0</subfield>
    <subfield code="o">H338.1 BOL 1449</subfield>
    <subfield code="p">R04355</subfield>
    <subfield code="r">2026-04-10 16:06:21</subfield>
    <subfield code="w">2026-04-10</subfield>
    <subfield code="y">RN</subfield>
  </datafield>
  <datafield tag="952" ind1=" " ind2=" ">
    <subfield code="0">0</subfield>
    <subfield code="1">0</subfield>
    <subfield code="4">0</subfield>
    <subfield code="7">0</subfield>
    <subfield code="a">BCEJYS</subfield>
    <subfield code="b">BCEJYS</subfield>
    <subfield code="c">17</subfield>
    <subfield code="d">1988-12-01</subfield>
    <subfield code="h">N&#xBA; 1448 - dic. 1988</subfield>
    <subfield code="l">0</subfield>
    <subfield code="o">H338.1 BOL 1448</subfield>
    <subfield code="p">R04354</subfield>
    <subfield code="r">2026-04-10 16:06:21</subfield>
    <subfield code="w">2026-04-10</subfield>
    <subfield code="y">RN</subfield>
  </datafield>
  <datafield tag="952" ind1=" " ind2=" ">
    <subfield code="0">0</subfield>
    <subfield code="1">0</subfield>
    <subfield code="4">0</subfield>
    <subfield code="7">0</subfield>
    <subfield code="a">BCEJYS</subfield>
    <subfield code="b">BCEJYS</subfield>
    <subfield code="c">17</subfield>
    <subfield code="d">1988-09-01</subfield>
    <subfield code="h">N&#xBA; 1447 - sep. 1988</subfield>
    <subfield code="l">0</subfield>
    <subfield code="o">H338.1 BOL 1447</subfield>
    <subfield code="p">R04353</subfield>
    <subfield code="r">2026-04-10 16:06:21</subfield>
    <subfield code="w">2026-04-10</subfield>
    <subfield code="y">RN</subfield>
  </datafield>
  <datafield tag="952" ind1=" " ind2=" ">
    <subfield code="0">0</subfield>
    <subfield code="1">0</subfield>
    <subfield code="4">0</subfield>
    <subfield code="7">0</subfield>
    <subfield code="a">BCEJYS</subfield>
    <subfield code="b">BCEJYS</subfield>
    <subfield code="c">17</subfield>
    <subfield code="d">1988-06-01</subfield>
    <subfield code="h">N&#xBA; 1446 - jun. 1988</subfield>
    <subfield code="l">0</subfield>
    <subfield code="o">H338.1 BOL 1446</subfield>
    <subfield code="p">R04352</subfield>
    <subfield code="r">2026-04-10 16:06:21</subfield>
    <subfield code="w">2026-04-10</subfield>
    <subfield code="y">RN</subfield>
  </datafield>
  <datafield tag="952" ind1=" " ind2=" ">
    <subfield code="0">0</subfield>
    <subfield code="1">0</subfield>
    <subfield code="4">0</subfield>
    <subfield code="7">0</subfield>
    <subfield code="a">BCEJYS</subfield>
    <subfield code="b">BCEJYS</subfield>
    <subfield code="c">17</subfield>
    <subfield code="d">1988-03-01</subfield>
    <subfield code="h">N&#xBA; 1445 - mar. 1988</subfield>
    <subfield code="l">0</subfield>
    <subfield code="o">H338.1 BOL 1445</subfield>
    <subfield code="p">R04351</subfield>
    <subfield code="r">2026-04-10 16:06:21</subfield>
    <subfield code="w">2026-04-10</subfield>
    <subfield code="y">RN</subfield>
  </datafield>
  <datafield tag="952" ind1=" " ind2=" ">
    <subfield code="0">0</subfield>
    <subfield code="1">0</subfield>
    <subfield code="4">0</subfield>
    <subfield code="7">0</subfield>
    <subfield code="a">BCEJYS</subfield>
    <subfield code="b">BCEJYS</subfield>
    <subfield code="c">17</subfield>
    <subfield code="d">1987-12-01</subfield>
    <subfield code="h">N&#xBA; 1444 - dic. 1987</subfield>
    <subfield code="l">0</subfield>
    <subfield code="o">H338.1 BOL 1444</subfield>
    <subfield code="p">R04350</subfield>
    <subfield code="r">2026-04-10 16:06:21</subfield>
    <subfield code="w">2026-04-10</subfield>
    <subfield code="y">RN</subfield>
  </datafield>
  <datafield tag="952" ind1=" " ind2=" ">
    <subfield code="0">0</subfield>
    <subfield code="1">0</subfield>
    <subfield code="4">0</subfield>
    <subfield code="7">0</subfield>
    <subfield code="a">BCEJYS</subfield>
    <subfield code="b">BCEJYS</subfield>
    <subfield code="c">17</subfield>
    <subfield code="d">1987-09-01</subfield>
    <subfield code="h">N&#xBA; 1443 - set. 1987</subfield>
    <subfield code="l">0</subfield>
    <subfield code="o">H338.1 BOL 1443</subfield>
    <subfield code="p">R04349</subfield>
    <subfield code="r">2026-04-10 16:06:21</subfield>
    <subfield code="w">2026-04-10</subfield>
    <subfield code="y">RN</subfield>
  </datafield>
  <datafield tag="952" ind1=" " ind2=" ">
    <subfield code="0">0</subfield>
    <subfield code="1">0</subfield>
    <subfield code="4">0</subfield>
    <subfield code="7">0</subfield>
    <subfield code="a">BCEJYS</subfield>
    <subfield code="b">BCEJYS</subfield>
    <subfield code="c">17</subfield>
    <subfield code="d">1987-06-01</subfield>
    <subfield code="h">N&#xBA; 1442 - jun. 1987</subfield>
    <subfield code="l">0</subfield>
    <subfield code="o">H338.1 BOL 1442</subfield>
    <subfield code="p">R04348</subfield>
    <subfield code="r">2026-04-10 16:06:21</subfield>
    <subfield code="w">2026-04-10</subfield>
    <subfield code="y">RN</subfield>
  </datafield>
  <datafield tag="952" ind1=" " ind2=" ">
    <subfield code="0">0</subfield>
    <subfield code="1">0</subfield>
    <subfield code="4">0</subfield>
    <subfield code="7">0</subfield>
    <subfield code="a">BCEJYS</subfield>
    <subfield code="b">BCEJYS</subfield>
    <subfield code="c">17</subfield>
    <subfield code="d">1987-03-01</subfield>
    <subfield code="h">N&#xBA; 1441 - mar. 1987</subfield>
    <subfield code="l">0</subfield>
    <subfield code="o">H338.1 BOL 1441</subfield>
    <subfield code="p">R04347</subfield>
    <subfield code="r">2026-04-10 16:06:21</subfield>
    <subfield code="w">2026-04-10</subfield>
    <subfield code="y">RN</subfield>
  </datafield>
  <datafield tag="952" ind1=" " ind2=" ">
    <subfield code="0">0</subfield>
    <subfield code="1">0</subfield>
    <subfield code="4">0</subfield>
    <subfield code="7">0</subfield>
    <subfield code="a">BCEJYS</subfield>
    <subfield code="b">BCEJYS</subfield>
    <subfield code="c">17</subfield>
    <subfield code="d">1986-12-01</subfield>
    <subfield code="h">N&#xBA; 1440 - dic. 1986</subfield>
    <subfield code="l">0</subfield>
    <subfield code="o">H338.1 BOL 1440</subfield>
    <subfield code="p">R04346</subfield>
    <subfield code="r">2026-04-10 16:06:21</subfield>
    <subfield code="w">2026-04-10</subfield>
    <subfield code="y">RN</subfield>
  </datafield>
  <datafield tag="952" ind1=" " ind2=" ">
    <subfield code="0">0</subfield>
    <subfield code="1">0</subfield>
    <subfield code="4">0</subfield>
    <subfield code="7">0</subfield>
    <subfield code="a">BCEJYS</subfield>
    <subfield code="b">BCEJYS</subfield>
    <subfield code="c">17</subfield>
    <subfield code="d">1986-09-01</subfield>
    <subfield code="h">N&#xBA; 1439 - set. 1986</subfield>
    <subfield code="l">0</subfield>
    <subfield code="o">H338.1 BOL 1439</subfield>
    <subfield code="p">R04345</subfield>
    <subfield code="r">2026-04-10 16:06:21</subfield>
    <subfield code="w">2026-04-10</subfield>
    <subfield code="y">RN</subfield>
  </datafield>
  <datafield tag="952" ind1=" " ind2=" ">
    <subfield code="0">0</subfield>
    <subfield code="1">0</subfield>
    <subfield code="4">0</subfield>
    <subfield code="7">0</subfield>
    <subfield code="a">BCEJYS</subfield>
    <subfield code="b">BCEJYS</subfield>
    <subfield code="c">17</subfield>
    <subfield code="d">1986-06-01</subfield>
    <subfield code="h">N&#xBA; 1438 - jun. 1986</subfield>
    <subfield code="l">0</subfield>
    <subfield code="o">H338.1 BOL 1438</subfield>
    <subfield code="p">R04344</subfield>
    <subfield code="r">2026-04-10 16:06:21</subfield>
    <subfield code="w">2026-04-10</subfield>
    <subfield code="y">RN</subfield>
  </datafield>
  <datafield tag="952" ind1=" " ind2=" ">
    <subfield code="0">0</subfield>
    <subfield code="1">0</subfield>
    <subfield code="4">0</subfield>
    <subfield code="7">0</subfield>
    <subfield code="a">BCEJYS</subfield>
    <subfield code="b">BCEJYS</subfield>
    <subfield code="c">17</subfield>
    <subfield code="d">1986-03-01</subfield>
    <subfield code="h">N&#xBA; 1437 - mar. 1986</subfield>
    <subfield code="l">0</subfield>
    <subfield code="o">H338.1 BOL 1437</subfield>
    <subfield code="p">R04343</subfield>
    <subfield code="r">2026-04-10 16:06:21</subfield>
    <subfield code="w">2026-04-10</subfield>
    <subfield code="y">RN</subfield>
  </datafield>
  <datafield tag="952" ind1=" " ind2=" ">
    <subfield code="0">0</subfield>
    <subfield code="1">0</subfield>
    <subfield code="4">0</subfield>
    <subfield code="7">0</subfield>
    <subfield code="a">BCEJYS</subfield>
    <subfield code="b">BCEJYS</subfield>
    <subfield code="c">17</subfield>
    <subfield code="d">1985-09-01</subfield>
    <subfield code="h">N&#xBA; 1435 - set. 1985</subfield>
    <subfield code="l">0</subfield>
    <subfield code="o">H338.1 BOL 1435</subfield>
    <subfield code="p">R04341</subfield>
    <subfield code="r">2026-04-10 16:06:21</subfield>
    <subfield code="w">2026-04-10</subfield>
    <subfield code="y">RN</subfield>
  </datafield>
  <datafield tag="952" ind1=" " ind2=" ">
    <subfield code="0">0</subfield>
    <subfield code="1">0</subfield>
    <subfield code="4">0</subfield>
    <subfield code="7">0</subfield>
    <subfield code="a">BCEJYS</subfield>
    <subfield code="b">BCEJYS</subfield>
    <subfield code="c">17</subfield>
    <subfield code="d">1985-09-01</subfield>
    <subfield code="h">N&#xBA; 1435 - set. 1985</subfield>
    <subfield code="l">0</subfield>
    <subfield code="o">H338.1 BOL 1436</subfield>
    <subfield code="p">R04342</subfield>
    <subfield code="r">2026-04-10 16:06:21</subfield>
    <subfield code="w">2026-04-10</subfield>
    <subfield code="y">RN</subfield>
  </datafield>
  <datafield tag="952" ind1=" " ind2=" ">
    <subfield code="0">0</subfield>
    <subfield code="1">0</subfield>
    <subfield code="4">0</subfield>
    <subfield code="7">0</subfield>
    <subfield code="a">BCEJYS</subfield>
    <subfield code="b">BCEJYS</subfield>
    <subfield code="c">17</subfield>
    <subfield code="d">1985-06-01</subfield>
    <subfield code="h">N&#xBA; 1434 - jun. 1985</subfield>
    <subfield code="l">0</subfield>
    <subfield code="o">H338.1 BOL 1434</subfield>
    <subfield code="p">R04340</subfield>
    <subfield code="r">2026-04-10 16:06:21</subfield>
    <subfield code="w">2026-04-10</subfield>
    <subfield code="y">RN</subfield>
  </datafield>
  <datafield tag="952" ind1=" " ind2=" ">
    <subfield code="0">0</subfield>
    <subfield code="1">0</subfield>
    <subfield code="4">0</subfield>
    <subfield code="7">0</subfield>
    <subfield code="a">BCEJYS</subfield>
    <subfield code="b">BCEJYS</subfield>
    <subfield code="c">17</subfield>
    <subfield code="d">1985-03-01</subfield>
    <subfield code="h">N&#xBA; 1433 - mar. 1985</subfield>
    <subfield code="l">0</subfield>
    <subfield code="o">H338.1 BOL 1433</subfield>
    <subfield code="p">R04339</subfield>
    <subfield code="r">2026-04-10 16:06:21</subfield>
    <subfield code="w">2026-04-10</subfield>
    <subfield code="y">RN</subfield>
  </datafield>
  <datafield tag="952" ind1=" " ind2=" ">
    <subfield code="0">0</subfield>
    <subfield code="1">0</subfield>
    <subfield code="4">0</subfield>
    <subfield code="7">0</subfield>
    <subfield code="a">BCEJYS</subfield>
    <subfield code="b">BCEJYS</subfield>
    <subfield code="c">17</subfield>
    <subfield code="d">1984-12-01</subfield>
    <subfield code="h">N&#xBA; 1432 - dic. 1984</subfield>
    <subfield code="l">0</subfield>
    <subfield code="o">H338.1 BOL 1432</subfield>
    <subfield code="p">R04338</subfield>
    <subfield code="r">2026-04-10 16:06:21</subfield>
    <subfield code="w">2026-04-10</subfield>
    <subfield code="y">RN</subfield>
  </datafield>
  <datafield tag="952" ind1=" " ind2=" ">
    <subfield code="0">0</subfield>
    <subfield code="1">0</subfield>
    <subfield code="4">0</subfield>
    <subfield code="7">0</subfield>
    <subfield code="a">BCEJYS</subfield>
    <subfield code="b">BCEJYS</subfield>
    <subfield code="c">17</subfield>
    <subfield code="d">1984-06-01</subfield>
    <subfield code="h">N&#xBA; 1430 - jun. 1984</subfield>
    <subfield code="l">0</subfield>
    <subfield code="o">H338.1 BOL 1430</subfield>
    <subfield code="p">R04336</subfield>
    <subfield code="r">2026-04-10 16:06:21</subfield>
    <subfield code="w">2026-04-10</subfield>
    <subfield code="y">RN</subfield>
  </datafield>
  <datafield tag="952" ind1=" " ind2=" ">
    <subfield code="0">0</subfield>
    <subfield code="1">0</subfield>
    <subfield code="4">0</subfield>
    <subfield code="7">0</subfield>
    <subfield code="a">BCEJYS</subfield>
    <subfield code="b">BCEJYS</subfield>
    <subfield code="c">17</subfield>
    <subfield code="d">1984-06-01</subfield>
    <subfield code="h">N&#xBA; 1430 - jun. 1984</subfield>
    <subfield code="l">0</subfield>
    <subfield code="o">H338.1 BOL 1431</subfield>
    <subfield code="p">R04337</subfield>
    <subfield code="r">2026-04-10 16:06:21</subfield>
    <subfield code="w">2026-04-10</subfield>
    <subfield code="y">RN</subfield>
  </datafield>
  <datafield tag="952" ind1=" " ind2=" ">
    <subfield code="0">0</subfield>
    <subfield code="1">0</subfield>
    <subfield code="4">0</subfield>
    <subfield code="7">0</subfield>
    <subfield code="a">BCEJYS</subfield>
    <subfield code="b">BCEJYS</subfield>
    <subfield code="c">17</subfield>
    <subfield code="d">1984-03-01</subfield>
    <subfield code="h">N&#xBA; 1429 - mar. 1984</subfield>
    <subfield code="l">0</subfield>
    <subfield code="o">H338.1 BOL 1429</subfield>
    <subfield code="p">R04335</subfield>
    <subfield code="r">2026-04-10 16:06:21</subfield>
    <subfield code="w">2026-04-10</subfield>
    <subfield code="y">RN</subfield>
  </datafield>
  <datafield tag="952" ind1=" " ind2=" ">
    <subfield code="0">0</subfield>
    <subfield code="1">0</subfield>
    <subfield code="4">0</subfield>
    <subfield code="7">0</subfield>
    <subfield code="a">BCEJYS</subfield>
    <subfield code="b">BCEJYS</subfield>
    <subfield code="c">17</subfield>
    <subfield code="d">1983-12-01</subfield>
    <subfield code="h">N&#xBA; 1428 - dic. 1983</subfield>
    <subfield code="l">0</subfield>
    <subfield code="o">H338.1 BOL 1428</subfield>
    <subfield code="p">R04334</subfield>
    <subfield code="r">2026-04-10 16:06:21</subfield>
    <subfield code="w">2026-04-10</subfield>
    <subfield code="y">RN</subfield>
  </datafield>
  <datafield tag="952" ind1=" " ind2=" ">
    <subfield code="0">0</subfield>
    <subfield code="1">0</subfield>
    <subfield code="4">0</subfield>
    <subfield code="7">0</subfield>
    <subfield code="a">BCEJYS</subfield>
    <subfield code="b">BCEJYS</subfield>
    <subfield code="c">17</subfield>
    <subfield code="d">1983-09-01</subfield>
    <subfield code="h">N&#xBA; 1427 - set. 1983</subfield>
    <subfield code="l">0</subfield>
    <subfield code="o">H338.1 BOL 1427</subfield>
    <subfield code="p">R04333</subfield>
    <subfield code="r">2026-04-10 16:06:21</subfield>
    <subfield code="w">2026-04-10</subfield>
    <subfield code="y">RN</subfield>
  </datafield>
  <datafield tag="952" ind1=" " ind2=" ">
    <subfield code="0">0</subfield>
    <subfield code="1">0</subfield>
    <subfield code="4">0</subfield>
    <subfield code="7">0</subfield>
    <subfield code="a">BCEJYS</subfield>
    <subfield code="b">BCEJYS</subfield>
    <subfield code="c">17</subfield>
    <subfield code="d">1983-06-01</subfield>
    <subfield code="h">N&#xBA; 1426 - jun. 1983</subfield>
    <subfield code="l">0</subfield>
    <subfield code="o">H338.1 BOL 1426</subfield>
    <subfield code="p">R04332</subfield>
    <subfield code="r">2026-04-10 16:06:21</subfield>
    <subfield code="w">2026-04-10</subfield>
    <subfield code="y">RN</subfield>
  </datafield>
  <datafield tag="952" ind1=" " ind2=" ">
    <subfield code="0">0</subfield>
    <subfield code="1">0</subfield>
    <subfield code="4">0</subfield>
    <subfield code="7">0</subfield>
    <subfield code="a">BCEJYS</subfield>
    <subfield code="b">BCEJYS</subfield>
    <subfield code="c">17</subfield>
    <subfield code="d">1983-03-01</subfield>
    <subfield code="h">N&#xBA; 1425 - mar. 1983</subfield>
    <subfield code="l">0</subfield>
    <subfield code="o">H338.1 BOL 1425</subfield>
    <subfield code="p">R04331</subfield>
    <subfield code="r">2026-04-10 16:06:21</subfield>
    <subfield code="w">2026-04-10</subfield>
    <subfield code="y">RN</subfield>
  </datafield>
  <datafield tag="952" ind1=" " ind2=" ">
    <subfield code="0">0</subfield>
    <subfield code="1">0</subfield>
    <subfield code="4">0</subfield>
    <subfield code="7">0</subfield>
    <subfield code="a">BCEJYS</subfield>
    <subfield code="b">BCEJYS</subfield>
    <subfield code="c">17</subfield>
    <subfield code="d">1982-12-01</subfield>
    <subfield code="h">N&#xBA; 1424 - dic. 1982</subfield>
    <subfield code="l">0</subfield>
    <subfield code="o">H338.1 BOL 1424</subfield>
    <subfield code="p">R04330</subfield>
    <subfield code="r">2026-04-10 16:06:21</subfield>
    <subfield code="w">2026-04-10</subfield>
    <subfield code="y">RN</subfield>
  </datafield>
  <datafield tag="952" ind1=" " ind2=" ">
    <subfield code="0">0</subfield>
    <subfield code="1">0</subfield>
    <subfield code="4">0</subfield>
    <subfield code="7">0</subfield>
    <subfield code="a">BCEJYS</subfield>
    <subfield code="b">BCEJYS</subfield>
    <subfield code="c">17</subfield>
    <subfield code="d">1982-09-01</subfield>
    <subfield code="h">N&#xBA; 1423 - set. 1982</subfield>
    <subfield code="l">0</subfield>
    <subfield code="o">H338.1 BOL 1423</subfield>
    <subfield code="p">R04329</subfield>
    <subfield code="r">2026-04-10 16:06:21</subfield>
    <subfield code="w">2026-04-10</subfield>
    <subfield code="y">RN</subfield>
  </datafield>
  <datafield tag="952" ind1=" " ind2=" ">
    <subfield code="0">0</subfield>
    <subfield code="1">0</subfield>
    <subfield code="4">0</subfield>
    <subfield code="7">0</subfield>
    <subfield code="a">BCEJYS</subfield>
    <subfield code="b">BCEJYS</subfield>
    <subfield code="c">17</subfield>
    <subfield code="d">1982-06-01</subfield>
    <subfield code="h">N&#xBA; 1422 - jun. 1982</subfield>
    <subfield code="l">0</subfield>
    <subfield code="o">H338.1 BOL 1422</subfield>
    <subfield code="p">R04328</subfield>
    <subfield code="r">2026-04-10 16:06:21</subfield>
    <subfield code="w">2026-04-10</subfield>
    <subfield code="y">RN</subfield>
  </datafield>
  <datafield tag="952" ind1=" " ind2=" ">
    <subfield code="0">0</subfield>
    <subfield code="1">0</subfield>
    <subfield code="4">0</subfield>
    <subfield code="7">0</subfield>
    <subfield code="a">BCEJYS</subfield>
    <subfield code="b">BCEJYS</subfield>
    <subfield code="c">17</subfield>
    <subfield code="d">1982-03-01</subfield>
    <subfield code="h">N&#xBA; 1421 - mar. 1982</subfield>
    <subfield code="l">0</subfield>
    <subfield code="o">H338.1 BOL 1421</subfield>
    <subfield code="p">R04327</subfield>
    <subfield code="r">2026-04-10 16:06:21</subfield>
    <subfield code="w">2026-04-10</subfield>
    <subfield code="y">RN</subfield>
  </datafield>
  <datafield tag="952" ind1=" " ind2=" ">
    <subfield code="0">0</subfield>
    <subfield code="1">0</subfield>
    <subfield code="4">0</subfield>
    <subfield code="7">0</subfield>
    <subfield code="a">BCEJYS</subfield>
    <subfield code="b">BCEJYS</subfield>
    <subfield code="c">17</subfield>
    <subfield code="d">1981-12-01</subfield>
    <subfield code="h">N&#xBA; 1420 - dic. 1981</subfield>
    <subfield code="l">0</subfield>
    <subfield code="o">H338.1 BOL 1420</subfield>
    <subfield code="p">R04326</subfield>
    <subfield code="r">2026-04-10 16:06:21</subfield>
    <subfield code="w">2026-04-10</subfield>
    <subfield code="y">RN</subfield>
  </datafield>
  <datafield tag="952" ind1=" " ind2=" ">
    <subfield code="0">0</subfield>
    <subfield code="1">0</subfield>
    <subfield code="4">0</subfield>
    <subfield code="7">0</subfield>
    <subfield code="a">BCEJYS</subfield>
    <subfield code="b">BCEJYS</subfield>
    <subfield code="c">17</subfield>
    <subfield code="d">1981-08-01</subfield>
    <subfield code="h">N&#xBA; 1419 - ago. 1981</subfield>
    <subfield code="l">0</subfield>
    <subfield code="o">H338.1 BOL 1419</subfield>
    <subfield code="p">R04325</subfield>
    <subfield code="r">2026-04-10 16:06:21</subfield>
    <subfield code="w">2026-04-10</subfield>
    <subfield code="y">RN</subfield>
  </datafield>
</record>
